| 000 | 00976cam a2200217 4500 | ||
|---|---|---|---|
| 001 | WB3911-11 | ||
| 008 | 030318n2003 000 0 eng u | ||
| 035 | _a(Sirsi) u121655 | ||
| 245 | _aRegeneration of Scottish Communities | ||
| 260 | _c2003 | ||
| 490 |
_aScottish Executive Press Release _v 18 March 2003, (4) |
||
| 520 | _aScottish Executive outlinesregeneration package designed to deliver sustainable communities. Up to £175m by 2005-06 will be available for councils that quality for the programme for regeneration projects. The money could be used to fund many areas such as demolitions, new build or environmental improvements. For the Scottish Executive Press Release: http://www.scotland.gov.uk/pages/news/2003/03/SESJ245.aspx | ||
| 590 | _aWB | ||
| 650 | _aDEPRIVED AREAS | ||
| 650 | _aSUSTAINABLE COMMUNITIES | ||
| 650 | _aCOMMUNITY OWNERSHIP | ||
| 650 | _aHOUSING STANDARDS | ||
| 650 | _aLOCAL PARTNERSHIPS | ||
| 690 | _aREGENERATION | ||
| 942 | _n0 | ||
| 999 |
_c72316 _d72316 |
||